[Event "Mittelfrank Regionalliga Sud-West 2223"]
[Site "Mittelfranken"]
[Date "2023.04.23"]
[Round "9.3"]
[White "Schmid, Peter4444"]
[Black "Lichtenstern, Christoph"]
[Result "1/2-1/2"]
[WhiteElo "2074"]
[BlackElo "2192"]
[PlyCount "89"]
[EventDate "2022.10.09"]
[EventType "team-tourn"]
[EventRounds "9"]
[EventCountry "GER"]
[SourceTitle "EXT 2024"]
[Source "ChessBase"]
[SourceDate "2023.10.10"]
[SourceVersion "1"]
[SourceVersionDate "2023.10.10"]
[SourceQuality "1"]
[WhiteTeam "Kempten"]
[BlackTeam "Haar"]
[WhiteTeamCountry "GER"]
[BlackTeamCountry "GER"]

1. e4 e5 2. Nf3 Nf6 3. c3 Nc6 4. d4 d6 5. Be3 Ng4 6. Bc4 Nxe3 7. fxe3 Be7 8. 0-0 0-0 9. Nbd2 Bf6 10. b4 Qe7 11. Qc2 Nd8 12. Nb3 Be6 13. d5 Bd7 14. Be2 g6 15. c4 Bg7 16. Rac1 Bh6 17. Qc3 f5 18. Nbd2 b6 19. c5 Nf7 20. Ba6 bxc5 21. bxc5 fxe4 22. Nxe4 Bf5 23. Ng3 Bg4 24. Rce1 Ng5 25. Nxg5 Rxf1+ 26. Bxf1 Bxg5 27. Ne4 Bh6 28. Qb4 dxc5 29. Nxc5 Bf5 30. Qc4 Kh8 31. e4 Bg4 32. Na6 Bd2 33. Rb1 Qg5 34. Qd3 Be3+ 35. Kh1 Qf4 36. Be2 Bxe2 37. Qxe2 Bb6 38. Rf1 Qg5 39. Nb4 Kg7 40. Nd3 Rf8 41. Rxf8 Kxf8 42. g3 h5 43. Kg2 a5 44. Ne1 Qc1 45. Nf3 1/2-1/2

[Event "Mittelfrank Regionalliga Sud-West 2223"]
[Site "Mittelfranken"]
[Date "2023.02.05"]
[Round "6.3"]
[White "Lichtenstern, Christoph"]
[Black "Kaya, Yekta Onur"]
[Result "1/2-1/2"]
[WhiteElo "2192"]
[BlackElo "2043"]
[PlyCount "131"]
[EventDate "2022.10.09"]
[EventType "team-tourn"]
[EventRounds "9"]
[EventCountry "GER"]
[SourceTitle "EXT 2024"]
[Source "ChessBase"]
[SourceDate "2023.10.10"]
[SourceVersion "1"]
[SourceVersionDate "2023.10.10"]
[SourceQuality "1"]
[WhiteTeam "Haar"]
[BlackTeam "Bayern Muenchen IV"]
[WhiteTeamCountry "GER"]
[BlackTeamCountry "GER"]

1. d4 d5 2. g3 Nf6 3. Bg2 g6 4. Bf4 Bg7 5. Nf3 0-0 6. 0-0 Nh5 7. Bg5 h6 8. Bd2 c5 9. c3 cxd4 10. cxd4 Nc6 11. Nc3 Bg4 12. h3 Bxf3 13. Bxf3 Nf6 14. Bf4 g5 15. Bc1 e6 16. b3 Nxd4 17. Qxd4 Ne4 18. Qd3 Nxc3 19. Bb2 Rc8 20. Rfc1 Qa5 21. a4 Rfd8 22. Rc2 Rc6 23. Rac1 Rdc8 24. Kg2 Qb4 25. Ba1 b6 26. Bxc3 Rxc3 27. Rxc3 Bxc3 28. e4 d4 29. h4 gxh4 30. gxh4 Qxb3 31. Bh5 Qa3 32. Rg1 Qd6 33. Qf3 Rc7 34. Kh1+ Kf8 35. Qg4 Ke8 36. f4 d3 37. e5 Qd5+ 38. Kh2 Kd7 39. Bxf7 Bb4 40. Kh3 Rc3 41. Rd1 d2+ 42. Kh2 Re3 43. Qg2 Qd4 44. Qg4 Qc4 45. Bh5 Re4 46. Qg7+ Kc8 47. Qg8+ Kb7 48. Bf3 Ka6 49. Bxe4 Qxe4 50. Qg4 h5 51. Qxh5 Qxf4+ 52. Kg2 Qe4+ 53. Qf3 Qxh4 54. Qd3+ Kb7 55. Qf3+ Kb8 56. Rh1 Qg5+ 57. Kf1 Qf5 58. Kg2 Qg6+ 59. Kf2 Qg7 60. Qf6 Bc5+ 61. Kf3 Qb7+ 62. Kf4 Qxh1 63. Qd8+ Kb7 64. Qd7+ Kb8 65. Qd8+ Kb7 66. Qd7+ 1/2-1/2

[Event "Mittelfrank Regionalliga Sud-West 2122"]
[Site "Mittelfranken"]
[Date "2022.03.13"]
[Round "6.3"]
[White "Zinke, Thomas"]
[Black "Lichtenstern, Christoph"]
[Result "0-1"]
[WhiteElo "1974"]
[BlackElo "2200"]
[PlyCount "80"]
[EventDate "2021.10.24"]
[EventType "team-tourn"]
[EventRounds "9"]
[EventCountry "GER"]
[SourceTitle "EXT 2024"]
[Source "ChessBase"]
[SourceDate "2023.10.10"]
[SourceVersion "1"]
[SourceVersionDate "2023.10.10"]
[SourceQuality "1"]
[WhiteTeam "Muenchen Suedost II"]
[BlackTeam "Haar"]
[WhiteTeamCountry "GER"]
[BlackTeamCountry "GER"]

1. c4 e5 2. Nc3 Nc6 3. g3 g5 4. Bg2 d6 5. d3 h6 6. e4 Nd4 7. Be3 Bg7 8. Qd2 Ne7 9. 0-0-0 c6 10. f4 gxf4 11. gxf4 exf4 12. Bxf4 Ng6 13. Be3 Qa5 14. Kb1 Bg4 15. Nce2 Qxd2 16. Rxd2 Ne6 17. Nf3 Ne5 18. Nxe5 dxe5 19. Rf1 Bxe2 20. Rxe2 Nf4 21. Ref2 Rg8 22. Bxf4 exf4 23. Rxf4 Be5 24. R4f2 f6 25. Bh3 Ke7 26. Bf5 Rg5 27. Kc2 a5 28. Rd1 c5 29. b3 a4 30. d4 axb3+ 31. Kxb3 Bxd4 32. Re2 Ra6 33. Rb1 Rg8 34. a4 Kd6 35. Kc2 Rxa4 36. Rxb7 Rg1 37. Kb3 Rga1 38. Re7 Kc6 39. Rd7 R4a3+ 40. Kc2 R3a2+ 0-1

[Event "Regionalliga Sued-West 1819"]
[Site "Bayern"]
[Date "2019.02.03"]
[Round "6.3"]
[White "Lichtenstern, Christoph"]
[Black "Zehrfeld, Thorsten"]
[Result "1/2-1/2"]
[WhiteElo "2167"]
[BlackElo "2111"]
[PlyCount "122"]
[EventDate "2018.10.21"]
[EventType "team-tourn"]
[EventRounds "9"]
[EventCountry "GER"]
[SourceTitle "EXT 2022"]
[Source "ChessBase"]
[SourceDate "2021.10.06"]
[SourceVersion "1"]
[SourceVersionDate "2021.10.06"]
[SourceQuality "1"]
[WhiteTeam "Haar"]
[BlackTeam "Augsburg SK Rochade"]
[WhiteTeamCountry "GER"]
[BlackTeamCountry "GER"]

1. e4 g6 2. Nf3 c6 3. c4 Bg7 4. Nc3 d6 5. d4 Bg4 6. Be3 Nd7 7. Be2 Bxf3 8. Bxf3 Ngf6 9. g4 h5 10. gxh5 Nxh5 11. Qd2 Qc7 12. Be2 e5 13. dxe5 dxe5 14. 0-0-0 0-0-0 15. Kb1 Kb8 16. Qd6 Qxd6 17. Rxd6 Bf8 18. Rd3 Be7 19. Rhd1 Ndf6 20. a3 b6 21. Bg5 Rxd3 22. Rxd3 Ng8 23. Bxe7 Nxe7 24. Rd7 Re8 25. Bxh5 gxh5 26. b4 f5 27. Kc2 fxe4 28. Nxe4 Nf5 29. Kd3 Rf8 30. Rh7 Rd8+ 31. Kc3 h4 32. Rh5 Rd4 33. f3 Ne3 34. Rxe5 Rd8 35. Nd2 Nd1+ 36. Kc2 Nf2 37. Rh5 Rd4 38. Rf5 a6 39. Rf7 b5 40. cxb5 axb5 41. Nb3 Rd6 42. Nc5 Rg6 43. Kc3 h3 44. Kd4 Rg5 45. Rb7+ Ka8 46. Rh7 Kb8 47. Rh8+ Ka7 48. Ke3 Rg2 49. Rh7+ Kb8 50. f4 Ng4+ 51. Kd3 Rxh2 52. Ne4 Ra2 53. Kd4 h2 54. Ng3 Rxa3 55. Nf1 Ra2 56. Kc5 Rc2+ 57. Kb6 Kc8 58. Nxh2 Nxh2 59. Rc7+ Kd8 60. Rxc6 Rc4 61. Kxb5 Rxf4 1/2-1/2

[Event "Regionalliga Sued-West 1819"]
[Site "Bayern"]
[Date "2018.11.11"]
[Round "2.2"]
[White "Fischer, Manfred"]
[Black "Lichtenstern, Christoph"]
[Result "0-1"]
[WhiteElo "2061"]
[BlackElo "2167"]
[PlyCount "66"]
[EventDate "2018.10.21"]
[EventType "team-tourn"]
[EventRounds "9"]
[EventCountry "GER"]
[SourceTitle "EXT 2022"]
[Source "ChessBase"]
[SourceDate "2021.10.06"]
[SourceVersion "1"]
[SourceVersionDate "2021.10.06"]
[SourceQuality "1"]
[WhiteTeam "Tuerkheim/Bad Woerishofen"]
[BlackTeam "Haar"]
[WhiteTeamCountry "GER"]
[BlackTeamCountry "GER"]

1. e4 c5 2. Nf3 d6 3. d4 cxd4 4. Nxd4 g6 5. c4 Bg7 6. Nc3 Nc6 7. Be3 Nf6 8. Be2 0-0 9. h3 Bd7 10. Nb3 Rc8 11. f4 Na5 12. Nd2 Be6 13. Nd5 b5 14. Bxa7 Nxc4 15. Bxc4 bxc4 16. Bb6 Qd7 17. Nc3 Qb7 18. Bd4 Nh5 19. Bxg7 Kxg7 20. f5 Qxb2 21. Na4 Qe5 22. 0-0 Qd4+ 23. Kh2 Bd7 24. Rb1 Bxa4 25. Qxa4 Qxd2 26. Qd7 c3 27. fxg6 hxg6 28. Qxe7 Qd4 29. Rb5 Rc5 30. Rxc5 Qxc5 31. g4 c2 32. gxh5 c1Q 33. h6+ Qxh6 0-1

[Event "Regionalliga SW 1516"]
[Site "Bayern"]
[Date "2015.10.25"]
[Round "2.3"]
[White "Jussupow, Alexander"]
[Black "Lichtenstern, Christoph"]
[Result "1-0"]
[WhiteElo "2135"]
[BlackElo "2181"]
[PlyCount "63"]
[EventDate "2015.10.11"]
[EventType "team-tourn"]
[EventRounds "9"]
[EventCountry "GER"]
[SourceTitle "EXT 2018"]
[Source "ChessBase"]
[SourceDate "2017.10.13"]
[SourceVersion "1"]
[SourceVersionDate "2017.10.13"]
[SourceQuality "1"]
[WhiteTeam "Krumbach"]
[BlackTeam "Haar"]
[WhiteTeamCountry "GER"]
[BlackTeamCountry "GER"]

1. d4 d5 2. e3 Nf6 3. f4 Bf5 4. Nd2 e6 5. Be2 c5 6. c3 cxd4 7. exd4 Nc6 8. Ngf3 Be7 9. 0-0 Ng4 10. Nb3 Qb6 11. Ng5 h5 12. h3 Nf6 13. Be3 h4 14. Bf2 Ne4 15. Nxe4 Bxe4 16. Bd3 Bxd3 17. Qxd3 Rh5 18. Nc5 Nd8 19. Qe2 g6 20. Rae1 Qc7 21. Qg4 Kf8 22. Nd3 Kg7 23. Re5 Rh7 24. f5 exf5 25. Rxf5 Qc8 26. Be3 Kh8 27. Rxd5 Qxg4 28. hxg4 h3 29. Rd7 h2+ 30. Kh1 Bh4 31. Ne5 Kg8 32. Rf3 1-0

[Event "Regionalliga SW 1415"]
[Site "Bayern"]
[Date "2014.12.07"]
[Round "4.4"]
[White "Lichtenstern, Christoph"]
[Black "Groenegress, Wilfried"]
[Result "1/2-1/2"]
[WhiteElo "2181"]
[BlackElo "2039"]
[PlyCount "82"]
[EventDate "2014.10.19"]
[EventType "team-tourn"]
[EventRounds "9"]
[EventCountry "GER"]
[SourceTitle "EXT 2018"]
[Source "ChessBase"]
[SourceDate "2017.10.13"]
[SourceVersion "1"]
[SourceVersionDate "2017.10.13"]
[SourceQuality "1"]
[WhiteTeam "Haar"]
[BlackTeam "Tuerkheim/Bad Woerishofen"]
[WhiteTeamCountry "GER"]
[BlackTeamCountry "GER"]

1. e4 e6 2. Nf3 d5 3. e5 c5 4. Bb5+ Bd7 5. Be2 Nc6 6. 0-0 Qc7 7. Re1 Nxe5 8. Nxe5 Qxe5 9. Bf3 Qd6 10. c4 Nf6 11. d4 dxc4 12. Bxb7 Rb8 13. Qf3 Qb6 14. Ba8 Qd8 15. Be4 cxd4 16. Bf4 Rxb2 17. Nd2 Rxd2 18. Bxd2 Be7 19. Bf4 0-0 20. Rab1 Qa5 21. Bc6 Bxc6 22. Qxc6 Nd5 23. Be5 Qc5 24. Qb7 Nc3 25. Rbc1 Bg5 26. Rxc3 dxc3 27. Bxc3 Rd8 28. g3 h6 29. h4 Be7 30. Re5 Qa3 31. Re3 Qc5 32. Re5 Rd1+ 33. Kg2 Rd5 34. Re4 Bf8 35. Qa6 Rd6 36. Qxc4 Qxc4 37. Rxc4 Rd1 38. Bb4 Bxb4 39. h5 Rd7 40. Rc7 Rd2 41. Rd7 Rxd7 1/2-1/2

[Event "Regionalliga SW 1415"]
[Site "Bayern"]
[Date "2014.11.09"]
[Round "2.4"]
[White "Lichtenstern, Christoph"]
[Black "Romfeld, Michael"]
[Result "1-0"]
[WhiteElo "2181"]
[BlackElo "2085"]
[PlyCount "125"]
[EventDate "2014.10.19"]
[EventType "team-tourn"]
[EventRounds "9"]
[EventCountry "GER"]
[SourceTitle "EXT 2018"]
[Source "ChessBase"]
[SourceDate "2017.10.13"]
[SourceVersion "1"]
[SourceVersionDate "2017.10.13"]
[SourceQuality "1"]
[WhiteTeam "Haar"]
[BlackTeam "Haunstetten"]
[WhiteTeamCountry "GER"]
[BlackTeamCountry "GER"]

1. e4 c6 2. d4 d5 3. Nc3 dxe4 4. Nxe4 Nf6 5. Nxf6+ gxf6 6. Be3 Bf5 7. Bc4 e6 8. Ne2 Bd6 9. Bd3 Nd7 10. Ng3 Bxd3 11. Qxd3 f5 12. 0-0-0 Qc7 13. Nh5 0-0-0 14. g3 Rhg8 15. Kb1 Kb8 16. Rhe1 Nf8 17. h4 Rg4 18. c3 Rg6 19. c4 Kc8 20. d5 Bb4 21. Rh1 exd5 22. Qb3 d4 23. Bxd4 Rgd6 24. Be3 Ne6 25. a3 Bc5 26. Bxc5 Nxc5 27. Qf3 Rxd1+ 28. Rxd1 Rxd1+ 29. Qxd1 Qe5 30. Nf4 Ne4 31. Qe2 Qd4 32. f3 Qg1+ 33. Ka2 Qxg3 34. Nd3 Nf6 35. Qe7 Nd7 36. Qe8+ Kc7 37. Qxf7 Qxh4 38. Nc5 Kd6 39. Nxd7 Qe7 40. Qxe7+ Kxe7 41. Ne5 Kd6 42. Nd3 h5 43. Kb3 h4 44. Kc3 h3 45. c5+ Ke7 46. Kd4 h2 47. Nf2 Kf6 48. f4 Ke6 49. Nh1 a5 50. Ng3 a4 51. Kc4 Kf6 52. Kd3 Ke6 53. Kd4 Kf6 54. Ke3 Ke6 55. Kf3 Kd5 56. Kg2 Kxc5 57. Nxf5 Kc4 58. Ne3+ Kd4 59. Kxh2 b5 60. Kg3 c5 61. f5 Ke5 62. Kg4 b4 63. Kg5 1-0

[Event "Bayern-chI Bank Hofmann 18th"]
[Site "Bad Wiessee"]
[Date "2014.10.29"]
[Round "6"]
[White "Sandipan, Chanda"]
[Black "Lichtenstern, Christoph"]
[Result "1/2-1/2"]
[WhiteElo "2603"]
[BlackElo "2212"]
[PlyCount "62"]
[EventDate "2014.10.25"]
[EventType "swiss"]
[EventRounds "9"]
[EventCountry "GER"]
[SourceTitle "EXT 2015"]
[Source "ChessBase"]
[SourceDate "2014.11.20"]
[SourceVersion "1"]
[SourceVersionDate "2014.11.20"]
[SourceQuality "1"]

1. Nf3 d5 2. g3 Nf6 3. Bg2 g6 4. 0-0 Bg7 5. d4 0-0 6. c3 c6 7. Nbd2 Bf5 8. Nh4 Bg4 9. f3 Bd7 10. e4 Na6 11. f4 dxe4 12. Nxe4 Qb6 13. Nxf6+ exf6 14. Qd3 Rfe8 15. Be3 Rad8 16. b4 Be6 17. f5 Bd5 18. Qd2 Rd7 19. Rfe1 Rde7 20. Rac1 Bxg2 21. Nxg2 Qb5 22. d5 cxd5 23. Nf4 Re5 24. fxg6 hxg6 25. Bxa7 Bh6 26. Bd4 Nc7 27. Qf2 Bxf4 28. gxf4 Rf5 29. Rxe8+ Qxe8 30. Re1 Ne6 31. Re3 Qb8 1/2-1/2

[Event "Bayern-chI Bank Hofmann 18th"]
[Site "Bad Wiessee"]
[Date "2014.10.27"]
[Round "4"]
[White "Lichtenstern, Christoph"]
[Black "Pezerovic, Edin"]
[Result "1-0"]
[WhiteElo "2212"]
[BlackElo "2429"]
[PlyCount "53"]
[EventDate "2014.10.25"]
[EventType "swiss"]
[EventRounds "9"]
[EventCountry "GER"]
[SourceTitle "EXT 2015"]
[Source "ChessBase"]
[SourceDate "2014.11.20"]
[SourceVersion "1"]
[SourceVersionDate "2014.11.20"]
[SourceQuality "1"]

1. e4 c6 2. d4 d5 3. Nc3 dxe4 4. Nxe4 Bf5 5. Ng3 Bg6 6. Nf3 Nd7 7. Bd3 e6 8. 0-0 Bd6 9. Re1 Ne7 10. Ne4 Bc7 11. Bg5 0-0 12. c4 h6 13. Bh4 Re8 14. b4 a5 15. Nc5 Bxd3 16. Qxd3 axb4 17. Ne4 Nf8 18. Qd2 Ba5 19. Ne5 b3 20. Qf4 Bxe1 21. Qxf7+ Kh8 22. Bf6 gxf6 23. Qxf6+ Kh7 24. Qf7+ Kh8 25. Nf6 Bxf2+ 26. Kh1 Qxd4 27. Ng6+ 1-0

[Event "Regionalliga SW 1314"]
[Site "Bayern"]
[Date "2014.02.09"]
[Round "6.3"]
[White "Lichtenstern, Christoph"]
[Black "Joerg, Harald"]
[Result "1/2-1/2"]
[WhiteElo "2190"]
[BlackElo "2108"]
[PlyCount "75"]
[EventDate "2013.10.13"]
[EventType "team-tourn"]
[EventRounds "9"]
[EventCountry "GER"]
[SourceTitle "EXT 2015"]
[Source "ChessBase"]
[SourceDate "2014.11.20"]
[SourceVersion "1"]
[SourceVersionDate "2014.11.20"]
[SourceQuality "1"]
[WhiteTeam "Haar"]
[BlackTeam "Muenchen Siemens"]
[WhiteTeamCountry "GER"]
[BlackTeamCountry "GER"]

1. c4 e6 2. d4 Nf6 3. Nf3 d5 4. Nc3 Be7 5. e3 0-0 6. Bd3 c5 7. 0-0 a6 8. b3 b6 9. Bb2 Bb7 10. cxd5 cxd4 11. Nxd4 Nxd5 12. Rc1 Nf6 13. Qe2 Nbd7 14. Rfd1 Qb8 15. Bb1 Rd8 16. Nf3 Bd6 17. h3 b5 18. Ng5 h6 19. Nge4 Bh2+ 20. Kh1 Be5 21. Nxf6+ Nxf6 22. f4 Bd6 23. Qf2 Be7 24. Ne2 Ne4 25. Bxe4 Bxe4 26. Qg3 Bf8 27. Be5 Rxd1+ 28. Rxd1 Qb7 29. Nc3 Bc6 30. Rd2 Rc8 31. Kh2 b4 32. Nd1 Bd5 33. Nf2 f5 34. Nd3 a5 35. Bd4 Bd6 36. Qg6 Qf7 37. Qg3 Kh7 38. Be5 1/2-1/2

[Event "Regionalliga SW 1314"]
[Site "Bayern"]
[Date "2013.12.15"]
[Round "4.3"]
[White "Lichtenstern, Christoph"]
[Black "Stielfried, Martin"]
[Result "0-1"]
[WhiteElo "2190"]
[BlackElo "2127"]
[PlyCount "68"]
[EventDate "2013.10.13"]
[EventType "team-tourn"]
[EventRounds "9"]
[EventCountry "GER"]
[SourceTitle "EXT 2015"]
[Source "ChessBase"]
[SourceDate "2014.11.20"]
[SourceVersion "1"]
[SourceVersionDate "2014.11.20"]
[SourceQuality "1"]
[WhiteTeam "Haar"]
[BlackTeam "Sendling"]
[WhiteTeamCountry "GER"]
[BlackTeamCountry "GER"]

1. Nf3 c5 2. c4 Nf6 3. g3 Nc6 4. Bg2 d5 5. cxd5 Nxd5 6. 0-0 e5 7. d3 Be7 8. Nc3 Be6 9. Bd2 0-0 10. Rc1 f6 11. Na4 b6 12. b3 Qd7 13. Nc3 Ndb4 14. a3 Na6 15. Qc2 Rac8 16. Rb1 Nd4 17. Qd1 Nc7 18. Be3 a5 19. Nd2 Rfd8 20. Nc4 Rb8 21. f4 Nf5 22. Qd2 Nd5 23. Nxd5 Bxd5 24. Bxd5+ Qxd5 25. fxe5 Nxe3 26. Qxe3 b5 27. Nd2 c4 28. Ne4 Qxe5 29. Qf3 cxd3 30. exd3 Bxa3 31. Kh1 Qd5 32. Rbd1 Qxb3 33. Qg4 Bb2 34. d4 Kh8 0-1

[Event "Regionalliga SW 1314"]
[Site "Bayern"]
[Date "2013.11.10"]
[Round "2.3"]
[White "Lichtenstern, Christoph"]
[Black "Braun, Thomas1111"]
[Result "1-0"]
[WhiteElo "2190"]
[BlackElo "2061"]
[PlyCount "75"]
[EventDate "2013.10.13"]
[EventType "team-tourn"]
[EventRounds "9"]
[EventCountry "GER"]
[SourceTitle "EXT 2015"]
[Source "ChessBase"]
[SourceDate "2014.11.20"]
[SourceVersion "1"]
[SourceVersionDate "2014.11.20"]
[SourceQuality "1"]
[WhiteTeam "Haar"]
[BlackTeam "Bayern Muenchen III"]
[WhiteTeamCountry "GER"]
[BlackTeamCountry "GER"]

1. e4 e6 2. d4 d5 3. exd5 exd5 4. Bb5+ Nc6 5. Nf3 Bd6 6. Bg5 Nge7 7. 0-0 0-0 8. Re1 Bg4 9. c3 f6 10. Bh4 a6 11. Bd3 Qd7 12. Nbd2 Bf5 13. Nf1 Bxd3 14. Qxd3 Qf5 15. Qd1 Rfe8 16. Ne3 Qd7 17. Qc2 Nd8 18. c4 dxc4 19. Qxc4+ Kh8 20. Rad1 Ng6 21. Bg3 Nc6 22. a3 Rad8 23. Qb3 Na5 24. Qc3 Nc6 25. Qc2 Qf7 26. d5 Nce5 27. Nd4 Nf8 28. Qb3 Bc5 29. Ne6 Bxe3 30. Nxd8 Bxf2+ 31. Bxf2 Rxd8 32. Qxb7 h5 33. Bg3 Nfg6 34. h3 Rd6 35. Qc8+ Kh7 36. Qf5 Kh6 37. Rxe5 Nxe5 38. Bxe5 1-0

[Event "Regionalliga SW 1213"]
[Site "Bayern"]
[Date "2013.02.24"]
[Round "7.3"]
[White "Lichtenstern, Christoph"]
[Black "Rooze, Jan"]
[Result "0-1"]
[WhiteElo "2185"]
[BlackElo "2375"]
[PlyCount "100"]
[EventDate "2012.10.14"]
[EventType "team-tourn"]
[EventRounds "9"]
[EventCountry "GER"]
[SourceTitle "EXT 2015"]
[Source "ChessBase"]
[SourceDate "2014.11.20"]
[SourceVersion "1"]
[SourceVersionDate "2014.11.20"]
[SourceQuality "1"]
[WhiteTeam "Haar"]
[BlackTeam "Goeggingen"]
[WhiteTeamCountry "GER"]
[BlackTeamCountry "GER"]

1. e4 c5 2. Nf3 e6 3. c4 Nc6 4. Nc3 Nge7 5. d3 Nd4 6. g3 Nec6 7. Bg2 Be7 8. 0-0 0-0 9. Nxd4 cxd4 10. Ne2 d6 11. Bd2 a5 12. b3 e5 13. a3 Rb8 14. f4 b5 15. Qc2 Bd7 16. Kh1 Qb6 17. Rfb1 Rfc8 18. Ng1 Qd8 19. Qd1 Rc7 20. b4 axb4 21. axb4 Rcb7 22. fxe5 Nxe5 23. Be1 bxc4 24. dxc4 Nxc4 25. Qxd4 Be6 26. Ra6 Bf6 27. Qd3 Rb6 28. Rxb6 Qxb6 29. Nf3 Qe3 30. Qxe3 Nxe3 31. Bf2 Nxg2 32. Kxg2 Ba2 33. Rc1 h6 34. Be1 Re8 35. Nd2 d5 36. Rc2 Ra8 37. Kf1 Be7 38. b5 dxe4 39. b6 Bd5 40. b7 Bxb7 41. Rc7 Ba6+ 42. Kf2 Bd8 43. Rc6 Bb7 44. Rd6 Bc7 45. Rd7 Bb6+ 46. Kf1 Ba6+ 47. Kg2 Bd3 48. Bf2 Bb5 49. Rb7 e3 50. Rxb6 exd2 0-1

[Event "Regionalliga SW 1213"]
[Site "Bayern"]
[Date "2013.01.13"]
[Round "5.3"]
[White "Lichtenstern, Christoph"]
[Black "Bonacci, Mauro"]
[Result "1/2-1/2"]
[WhiteElo "2185"]
[BlackElo "2071"]
[PlyCount "86"]
[EventDate "2012.10.14"]
[EventType "team-tourn"]
[EventRounds "9"]
[EventCountry "GER"]
[SourceTitle "EXT 2015"]
[Source "ChessBase"]
[SourceDate "2014.11.20"]
[SourceVersion "1"]
[SourceVersionDate "2014.11.20"]
[SourceQuality "1"]
[WhiteTeam "Haar"]
[BlackTeam "MSA Zugzwang II"]
[WhiteTeamCountry "GER"]
[BlackTeamCountry "GER"]

1. e4 c5 2. c4 Nc6 3. g3 g6 4. Bg2 Bg7 5. Nc3 d6 6. Nge2 e6 7. d3 Nge7 8. Be3 Nd4 9. 0-0 0-0 10. Qd2 Bd7 11. Bh6 Nxe2+ 12. Nxe2 Bxh6 13. Qxh6 Bc6 14. f4 f5 15. Nc3 d5 16. exd5 exd5 17. Rae1 d4 18. Nd1 Bxg2 19. Kxg2 Nc6 20. h4 Qf6 21. Nf2 Rae8 22. h5 Re3 23. hxg6 Qxg6 24. Qxg6+ hxg6 25. Nd1 Rxd3 26. Re2 Kf7 27. Rfe1 Rd8 28. b3 Rd7 29. Kf2 a5 30. Nb2 Re3 31. Na4 Nb4 32. Rxe3 dxe3+ 33. Rxe3 Rd2+ 34. Re2 Rxa2 35. Nxc5 b6 36. Rxa2 Nxa2 37. Nd3 Ke6 38. Ke3 Nb4 39. Nxb4 axb4 40. Kd2 Kd6 41. Ke2 Kc5 42. Ke3 Kc6 43. Kf3 Kc5 1/2-1/2

[Event "Regionalliga SW 1213"]
[Site "Bayern"]
[Date "2012.11.11"]
[Round "2.2"]
[White "Orf, Markus"]
[Black "Lichtenstern, Christoph"]
[Result "0-1"]
[WhiteElo "1879"]
[BlackElo "2185"]
[PlyCount "64"]
[EventDate "2012.10.14"]
[EventType "team-tourn"]
[EventRounds "9"]
[EventCountry "GER"]
[SourceTitle "EXT 2015"]
[Source "ChessBase"]
[SourceDate "2014.11.20"]
[SourceVersion "1"]
[SourceVersionDate "2014.11.20"]
[SourceQuality "1"]
[WhiteTeam "Kaufbeuren"]
[BlackTeam "Haar"]
[WhiteTeamCountry "GER"]
[BlackTeamCountry "GER"]

1. d4 d5 2. c4 c6 3. Nc3 e6 4. e3 f5 5. b3 Nf6 6. Bd3 Bb4 7. Bd2 Qe7 8. Nf3 0-0 9. Ne5 Nbd7 10. f4 Nxe5 11. dxe5 Ng4 12. Qf3 Qc5 13. Ke2 dxc4 14. bxc4 Rd8 15. a3 Bxa3 16. h3 Nh6 17. Na4 Qe7 18. Rhb1 a5 19. Bc3 Bb4 20. Bxb4 axb4 21. c5 b5 22. cxb6 Bb7 23. Nb2 c5 24. Qf2 Qd7 25. Ra7 Qc6 26. Kf1 Qxb6 27. Rxa8 Bxa8 28. Nc4 Qa6 29. Be2 Qa2 30. Rc1 Bd5 31. Nd6 b3 32. Bc4 b2 0-1

[Event "Oberliga Bayern 0405"]
[Site "Bayern"]
[Date "2004.11.14"]
[Round "2.5"]
[White "Lichtenstern, Christoph"]
[Black "Heimrath, Wolfgang"]
[Result "0-1"]
[WhiteElo "2213"]
[BlackElo "2131"]
[PlyCount "92"]
[EventDate "2004.10.24"]
[EventType "team-tourn"]
[EventRounds "9"]
[EventCountry "GER"]
[SourceTitle "EXT 2020"]
[Source "ChessBase"]
[SourceDate "2019.10.17"]
[SourceVersion "1"]
[SourceVersionDate "2019.10.17"]
[SourceQuality "1"]
[WhiteTeam "Muenchen 36"]
[BlackTeam "Zirndorf"]
[WhiteTeamCountry "GER"]
[BlackTeamCountry "GER"]

1. e4 c6 2. Nf3 d5 3. exd5 cxd5 4. d4 Nf6 5. Nc3 Bg4 6. h3 Bxf3 7. Qxf3 Nc6 8. Bb5 e6 9. 0-0 Qb6 10. Bf4 Be7 11. Be5 0-0 12. Rfd1 Nd7 13. Qg3 Ndxe5 14. dxe5 Nb4 15. Ba4 Na6 16. Bb5 Nb4 17. Ba4 Na6 18. Bb3 Nc5 19. Rac1 Rfd8 20. Qf3 Bg5 21. Rb1 a5 22. Qg4 Bh6 23. Na4 Nxa4 24. Bxa4 d4 25. a3 Qc5 26. Qe4 b5 27. b4 Qd5 28. Qxd5 Rxd5 29. Bb3 Rxe5 30. Rxd4 a4 31. Rbd1 Kf8 32. Ba2 Rc8 33. Bb1 Rc3 34. R4d3 Rxd3 35. cxd3 Rd5 36. Kf1 e5 37. Ke2 Ke7 38. Ba2 Rd6 39. Kf3 f5 40. Ke2 Rc6 41. Bb1 Rc3 42. d4 e4 43. f3 Rxa3 44. fxe4 fxe4 45. d5 Kd6 46. Rd4 Re3+ 0-1

[Event "Oberliga Bayern 0405"]
[Site "Bayern"]
[Date "2004.10.24"]
[Round "1.4"]
[White "Lichtenstern, Christoph"]
[Black "Jirovsky, Pavel"]
[Result "1/2-1/2"]
[WhiteElo "2213"]
[BlackElo "2321"]
[PlyCount "23"]
[EventDate "2004.10.24"]
[EventType "team-tourn"]
[EventRounds "9"]
[EventCountry "GER"]
[SourceTitle "EXT 2020"]
[Source "ChessBase"]
[SourceDate "2019.10.17"]
[SourceVersion "1"]
[SourceVersionDate "2019.10.17"]
[SourceQuality "1"]
[WhiteTeam "Muenchen 36"]
[BlackTeam "Koetzting"]
[WhiteTeamCountry "GER"]
[BlackTeamCountry "GER"]

1. e4 c5 2. Nf3 d6 3. c4 Bg4 4. d3 Nc6 5. Be2 g6 6. Bd2 Bxf3 7. Bxf3 Bg7 8. Bc3 e5 9. Bd2 Nge7 10. Nc3 Qd7 11. h4 h5 12. g3 1/2-1/2

[Event "Landesliga Sued 0304"]
[Site "Bayern"]
[Date "2004.01.18"]
[Round "5.3"]
[White "Schmid, Guenter"]
[Black "Lichtenstern, Christoph"]
[Result "0-1"]
[WhiteElo "2272"]
[BlackElo "2197"]
[PlyCount "98"]
[EventDate "2003.10.12"]
[EventType "team-tourn"]
[EventRounds "9"]
[EventCountry "GER"]
[SourceTitle "EXT 2006"]
[Source "ChessBase"]
[SourceDate "2005.11.24"]
[SourceVersion "1"]
[SourceVersionDate "2005.11.24"]
[SourceQuality "1"]
[WhiteTeam "Pfarrkirchen SC"]
[BlackTeam "Muenchen 36"]
[WhiteTeamCountry "GER"]
[BlackTeamCountry "GER"]

1. e4 c5 2. Nf3 d6 3. d4 cxd4 4. Nxd4 g6 5. Nc3 Bg7 6. Be3 Nf6 7. f3 a6 8. Qd2 b5 9. 0-0-0 Bb7 10. Kb1 Nc6 11. Nxc6 Bxc6 12. Bd3 Qc7 13. Rhe1 Qb7 14. Ne2 Nd7 15. Bh6 Bf6 16. c3 Ne5 17. Nd4 Rb8 18. f4 Ng4 19. e5 dxe5 20. Nxc6 Qxc6 21. fxe5 Bxe5 22. Bg5 Qc7 23. h3 h6 24. Bh4 Bf6 25. Bxf6 Nxf6 26. Qe3 Rd8 27. Be2 Rxd1+ 28. Bxd1 Kf8 29. Bf3 e6 30. Qd4 Kg7 31. Rd1 e5 32. Qd6 Qxd6 33. Rxd6 e4 34. Be2 Ra8 35. Rb6 Nd5 36. Rd6 Nf4 37. Rd2 Nxe2 38. Rxe2 Re8 39. b3 f5 40. Kc2 Kf6 41. c4 bxc4 42. bxc4 Ke5 43. Kc3 f4 44. Rc2 Rc8 45. Rd2 f3 46. g3 Rf8 47. Rd5+ Ke6 48. Rd1 e3 49. Rf1 e2 0-1